All 2026 DTM Drivers - Statistics

General Stats
  • This quiz has been taken 14 times
  • The average score is 17 of 21
Answer Stats
Nation Team Manufacturer Number Driver % Correct
India HRT Ford Performance Ford 36 Arjun Maini
100%
France Mercedes-AMG Team Mann-Filter Mercedes 48 Jules Gounon
100%
South Africa Schubert Motorsport BMW 3 Kelvin Van Der Linde
100%
Austria Mercedes-AMG Team Landgraf Mercedes 22 Lucas Auer
100%
Germany Mercedes-AMG Team Ravenol Mercedes 80 Maro Engel
100%
Italy TGI Team By GRT Lamborghini 19 Mirko Bortolotti
100%
Denmark Comtoyou Racing Aston Martin 7 Nicki Thiim
100%
Switzerland Manthey Porsche 90 Ricardo Feller
100%
Austria Manthey Porsche 91 Thomas Preining
100%
Denmark Land-Motorsport Porsche 29 Bastian Buus
83%
Germany Dörr Motorsport Mclaren 25 Ben Dörr
83%
Germany Red Bull Team Abt Lamborghini 130 Luca Engstler
83%
Italy Red Bull Team Abt Lamborghini 10 Marco Mapelli
83%
Germany Schubert Motorsport BMW 11 Marco Wittmann
83%
Germany TGI Team By GRT Lamborghini 63 Maximilian Paul
83%
Germany Dörr Motorsport Mclaren 16 Timo Glock
83%
Germany Mercedes-AMG Team Landgraf Mercedes 84 Tom Kalender
83%
The Netherlands Emil Frey Racing Ferrari 69 Thierry Vermeulen
67%
Germany HRT Ford Performance Ford 64 Finn Wiebelhaus
33%
Italy Emil Frey Racing Ferrari 14 Matteo Cairoli
33%
Belgium Comtoyou Racing Aston Martin 8 Nicolas Baert
33%
No matching quizzes found
Score Distribution
Percent of People with Each Score
Percentile by Number Answered
Your Score History
You have not taken this quiz